000 00490nam a2200181Ia 4500
005 20250603144744.0
008 250603s9999 xx 000 0 und d
020 _a9789789826803
050 _aHV 6250 .S63/
100 _aSmah, Sam Obadiah
245 0 _aCriminology victimisation in urban and rural Nigeria: a study in criminology and urban sociology
260 _aAbuja
260 _bSamantha Printing Press
260 _c2021
300 _a257 p
650 _aAbuja
942 _cBK
999 _c39855
_d39855